000 01134cam a2200229 i 4500
020 _a1536104140
020 _a9781536104141
040 _cYDX
082 0 4 _a338 MIC 2017 C277 Or.
245 0 0 _aFeed the Future :
_boverview, issues and progress of the foreign assistance initiative /
300 _a130 pages :
_billustrations, maps ;
_c23 cm.
490 1 _aHunger and poverty: causes, impacts and eradication
520 _a"The Obama Administration's Feed the Future (FTF) Initiative is a U.S. international development program launched in 2010 that invests in food security and agricultural development activities in a select group of developing countries in an effort to reduce hunger, malnutrition, poverty, and food insecurity. This book provides an overview of the program, as well as issues and progress of the foreign assistance initiative."--Preface.
650 0 _aFood relief
650 0 _aFood relief, American
650 0 _aEconomic assistance, American
650 7 _aEconomic assistance, American.
650 7 _aFood relief, American.
650 7 _aFood relief
700 1 _aGarcia, Antoine,
942 _cAEDBB
999 _c19693
_d19693